| 000 | 00708nam a22002177a 4500 | ||
|---|---|---|---|
| 999 |
_c12617 _d12617 |
||
| 003 | AR-CdUCM | ||
| 008 | 190409b ||||| |||| 00| 0 spa d | ||
| 040 |
_aMUNICIPALIDAD PROVINCIAL DEL CUSCO _cBIBLIOTECA MUNICIPAL DEL CUSCO |
||
| 041 | _heng | ||
| 082 |
_aES / 428 / _bG78 |
||
| 100 |
_aGray, William S. _930548 |
||
| 245 | _aMonographs on fundamental education The teaching of reading and eriting / | ||
| 260 |
_aFrancia : _bUnesco Book Coupons, |
||
| 300 |
_a286 paginas ; _bIlustraciones, Graficos, Dibujos, _c25 cm. |
||
| 500 | _aTexto educativo | ||
| 650 |
_aTexto educativo _925832 |
||
| 650 |
_aEducación _9460 |
||
| 650 |
_aIngles _97365 |
||
| 942 |
_2ddc _cLIBROS |
||
| 945 |
_apjha _d2019-04-09 |
||